000 00669cam a22002294a 4500
001 12751634
005 20180313050258.0
008 020423s2002 nyua 000 0 eng
010 _a 2002069706
020 _a0375507493 (alk. paper)
040 _aDLC
_cDLC
_dDLC
041 _aeng
042 _apcc
080 _a170.44 bro
082 0 0 _a170.44 bro
_221
100 1 _a49
101 _asoc
245 1 0 _aWhat should I do with my life? /
_cPo Bronson.
906 _a7
_bcbc
_corignew
_d1
_eocip
_f20
_gy-gencatlg
942 _2ddc
_cBK
999 _c44832
_d44832